Opatrenie

Opatrenie MF SR č. 4 455/2003-92 z 31. marca 2003, ktorým sa ustanovujú podrobnosti o usporiadaní, označovaní a obsahovom vymedzení položiek individuálnej účtovnej závierky na zverejnenie pre podnikateľov účtujúcich v sústave podvojného účtovníctva, v znení opatrenia č. 25 167/2003-92, oznámenia o...

Description complète

Enregistré dans:
Détails bibliographiques
Format: Chapitre de livre
Langue:slovaque
Sujets:
Tags: Ajouter un tag
Pas de tags, Soyez le premier à ajouter un tag!

MARC

LEADER 00000naa$a2200000$$$4500
001 0024624
005 20231114082944.6
041 0 |a slo 
044 |a SK 
245 1 0 |a Opatrenie 
520 |a Opatrenie MF SR č. 4 455/2003-92 z 31. marca 2003, ktorým sa ustanovujú podrobnosti o usporiadaní, označovaní a obsahovom vymedzení položiek individuálnej účtovnej závierky na zverejnenie pre podnikateľov účtujúcich v sústave podvojného účtovníctva, v znení opatrenia č. 25 167/2003-92, oznámenia o oprave chyby a opatrenia č. MF/10069/2004-74. 
610 2 0 |a závierka účtovná 
610 2 0 |a podnikatelia 
610 2 0 |a účtovníctvo podvojné 
610 2 0 |a opatrenia 
610 2 0 |a Slovensko 
610 2 0 |a 2003-2004